LE LANGAGE ET LA SOCIETE /

Na minha lista:
Detalhes bibliográficos
Autor principal: Lefebvre, Henri (autor)
Formato: Livro
Colecção:IDEES ; 99
Assuntos:
Tags: Adicionar Tag
Sem tags, seja o primeiro a adicionar uma tag!

MARC

LEADER 00000nam^a2200000^a^4500
001 000237554
005 20250521000000.0
009 20260310104937.22
035 |a 060177 
037 |a Acervo Xavier Clavigero 
082 |a 306. 44 LEF 
100 |a Lefebvre, Henri  |e (autor) 
245 1 3 |a LE LANGAGE ET LA SOCIETE /  |c HENRI LEFEBVRE 
264 |a U.R.S.S. :  |b GALLIMARD,  |c 1966 
300 |a 376 p. 
336 |a texto  |b txt  |2 rdacontenido 
337 |a sin mediación  |b n  |2 rdamedio 
338 |a volumen  |b nc  |2 rdasoporte 
440 |a IDEES ;  |v 99 
649 |a XX 
650 |a Sociolingüística 
910 |a Fondo General 
920 |a Impresos - Libros 
930 |a Colección General 
905 |a 101 
901 |a 060177  |b IT1  |c ACC  |i 060177  |u 20250521 
902 |a https://opac.biblio.iteso.mx/vufind/Record/000237554